| 000 | 00468nam a22001577a 4500 | ||
|---|---|---|---|
| 003 | IT-RoPau | ||
| 005 | 20220918181107.0 | ||
| 008 | 130606b xxu||||| |||| 00| 0 eng d | ||
| 040 | _cIT-RoPau | ||
| 100 |
_aFiglie di San Paolo _9667 |
||
| 245 | _aLiturgia Eucaristica nella metropolitana di S. Pietro in Bologna a 10 anni dell'esodo pasquale di don Giacomo Alberione | ||
| 250 | _a1° ed. | ||
| 260 |
_aRoma _bFSP _c1981 |
||
| 300 |
_a2 p. _c30 cm |
||
| 942 |
_2ddc _cMX |
||
| 999 |
_c98706 _d98706 |
||